书目信息 |
| 题名: |
菲律宾共和国
|
|
| 作者: | 赛义德 , Zaide 著 ;吴世昌 , 温锡增 译 | |
| 分册: | 上册 | |
| 出版信息: | 北京 商务印书馆 1979 |
|
| 页数: | 338页 | |
| 开本: | 20cm | |
| 丛书名: | ||
| 单 册: | ||
| 中图分类: | K341 | |
| 科图分类: | ||
| 主题词: | 历史-菲律宾 | |
| 电子资源: | ||
| ISBN: | ||
| 000 | 00995nam0 2200301 450 | |
| 001 | 1241991296 | |
| 005 | 20121007114113.89 | |
| 010 | @dCNY1.95 | |
| 091 | @a11017.437 | |
| 100 | @a19950725d1979 em y0chiy0110 ea | |
| 101 | 1 | @achi@ceng |
| 102 | @aCN@b110000 | |
| 105 | @ay z 000yy | |
| 200 | 1 | @a菲律宾共和国@Afei lv bin gong he guo@e历史、政府与文明@h上册@f(菲律宾)赛义德(G.F.Zaide)著@g吴世昌,温锡增译 |
| 210 | @a北京@c商务印书馆@d1979 | |
| 215 | @a338页@d20cm | |
| 300 | @a内部发行 | |
| 300 | @a书名原文:The Republic of the Philippines (History,Government,and civilization) | |
| 510 | 1 | @aThe Republic of the Philippines (History,Government,and civilization)@zeng |
| 606 | 0 | @a历史-菲律宾 |
| 607 | @a菲律宾@x历史 | |
| 690 | @aK341@v3 | |
| 701 | 1 | @a赛义德@Asai yi de@bG.F.@4著 |
| 701 | 1 | @aZaide@bG.F.@4著 |
| 702 | 0 | @a吴世昌@Awu shi chang@f(1908~1986)@4译 |
| 702 | 0 | @a温锡增@Awen xi zeng@f(1908~?)@4译 |
| 801 | 0 | @aCN@bNLC@c20101222 |
| 905 | @a10447@dK341@eJY7:1 | |
| 菲律宾共和国:历史、政府与文明.上册/(菲律宾)赛义德(G.F.Zaide)著/吴世昌,温锡增译.-北京:商务印书馆,1979 |
| 338页;20cm |
| 内部发行.-书名原文:The Republic of the Philippines (History,Government,and civilization) |
| ISBN :CNY1.95 |
| ● |
| 相关链接 |
|
|
|
|
正题名:菲律宾共和国
索取号:K341/JY7:1
 
预约/预借
| 序号 | 登录号 | 条形码 | 馆藏地/架位号 | 状态 | 备注 |
| 1 | 7832496 | 278324966 | 学院路分馆/ [索取号:K341/JY7:1] | 在馆 |